000
00314nam a22001337a 4500
003
OSt
005
20231128181638.0
008
231128b |||||||| |||| 00| 0 eng d
040
_c
CO-JMCR
082
_a
C /
_b
MEAi
100
_a
Means, David,
_9
42942
245
_a
Instrucciones para un funeral /
942
_2
ddc
_c
BK
999
_c
30452
_d
16836